Tate McRae - Paroles TIT FOR TAT - Statistiques

Statistiques générales
  • Ce quiz a été pris 156 fois
    155 depuis la dernière actualisation
  • Le résultat moyen est 392 sur 491
Statistiques - réponses
Hint Réponse % Correct
Wow,
100%
a
99%
I
98%
that
95%
that,
95%
Bridge That
95%
you
94%
you,
94%
love
93%
No,
93%
for
92%
again,
90%
my
90%
Now
90%
now,
90%
now
90%
feel
89%
never
89%
see
89%
to
89%
go
88%
like
88%
Right
88%
the
88%
Couplet 1 The
88%
your
88%
about
87%
how
87%
I'm
87%
not
87%
as
86%
back
86%
will
86%
even
85%
Pré-refrain Let's
85%
let's
85%
might
85%
call,
83%
me
83%
though
83%
tit
83%
it
82%
it,
82%
It
82%
tat,
82%
she
81%
you're
80%
answered
79%
deal
79%
song
79%
song,
79%
was
79%
night,
77%
night
77%
acting
76%
boy,
76%
Last
76%
Intro | Refrain Thought
75%
Refrain Thought
75%
thought
75%
ass
74%
and
73%
be
73%
kiss
73%
on
73%
fucking
70%
blessing
69%
know
69%
but
68%
Fix
68%
self,
68%
do
67%
good,
67%
good
67%
sealed
65%
where
65%
ego
63%
In
63%
side
63%
day
62%
respectful,
62%
this,
62%
this
62%
We
62%
we
62%
messy
61%
messy,
61%
met
61%
really
60%
always
58%
at?
58%
can't
58%
make
58%
looks
57%
hurts
57%
nothing
57%
of
57%
one
57%
took
57%
Took
57%
asked
56%
bruise
56%
ending
56%
Why
55%
change
54%
If
54%
It's
54%
making
54%
were
54%
got,
52%
That's
52%
damn
51%
worse
51%
fight
50%
had
50%
heat
50%
narrative
50%
up
50%
you'd
50%
where's
49%
write?
49%
makes
48%
say
48%
best
46%
shame
46%
through
46%
off
45%
changing
44%
far
44%
I'll
44%
made
44%
want
44%
away
43%
future
43%
partying
43%
Should've
43%
without
43%
have
42%
known
42%
type
42%
Could
40%
shit
40%
here
39%
tryna
39%
our
38%
plate
38%
out
37%
hearing
36%
left
36%
picked
33%
exactly
31%
ever
18%
Aucun quiz correspondant
Distribution des résultats
% des personnes avec chaque résultat
Percentile par nombre de réponses
Votre historique - résultats
Vous n’avez pas pris ce quiz depuis la dernière actualisation